000
00246nam a22001097a 4500
082
_a
808.3 SOL'F
100
_a
SOLZHENITSGN, ALAKSANDR I
_9
79281
245
_a
THE FISRT CIRCLE
260
_a
NEWYORK
_b
1969
_c
ABARTON
300
_a
674P
942
_c
BK
999
_c
584335
_d
584335